|
|
|
|
| LEADER |
01087njm a2200349 a 4500 |
| 001 |
000882290 |
| 003 |
CZ BrMZK |
| 005 |
20080130084851.0 |
| 007 |
sd fsngnnmmned |
| 008 |
080114s2005 xr ppn g cze d |
| 024 |
3 |
|
|a 8595068185575
|
| 028 |
0 |
1 |
|a AM80352-2
|b Areca Multimedia
|
| 040 |
|
|
|a BOA001
|b cze
|
| 048 |
|
|
|a opd
|b vu
|
| 072 |
|
7 |
|a 784
|x Vokální hudba
|2 Konspekt
|9 9
|
| 080 |
|
|
|a 784.4
|2 MRF
|
| 080 |
|
|
|a (086.76)
|2 MRF
|
| 100 |
1 |
|
|a Vítek, Pavel,
|d 1962-
|7 jn20000402655
|4 sng
|
| 245 |
1 |
0 |
|a Modlitba
|h [zvukový záznam]
|
| 260 |
|
|
|a Praha :
|b Areca Multimedia,
|c p2005
|
| 300 |
|
|
|a 1 zvuková deska (6:31) :
|c 12 cm
|b digital ;
|
| 306 |
|
|
|a 000631
|
| 500 |
|
|
|a Kompaktní deska
|
| 541 |
|
|
|c pv-i
|
| 505 |
0 |
0 |
|t Modlitba --
|t Odrazíš se víc
|
| 511 |
0 |
|
|a Pavel Vítek, zpěv
|
| 650 |
0 |
7 |
|a populární písně
|7 ph124354
|y 2001-2010
|2 czenas
|
| 655 |
|
7 |
|a kompaktní desky
|7 fd201991
|2 czenas
|
| 910 |
|
|
|a BOA001
|b CD-0014.239
|
| 990 |
|
|
|a AV
|
| 991 |
|
|
|b 200801
|
| 996 |
6 |
|
|b 261H015766
|c CD-0014.239
|l MZK
|r Sklad / do 24 hodin
|n 0
|w 000882290
|u 000010
|a 1
|e BOA001
|j MZK50
|s P
|